[Event "Moscow Rapid-ch 2018"]
[Site "Moscow"]
[Date "2018.12.08"]
[Round "6"]
[White "Kanevskaya, Anna"]
[Black "Martynyuk, Elizaveta"]
[Result "1/2-1/2"]
[WhiteElo "2105"]
[BlackElo "2128"]
[Annotator "NA"]
[PlyCount "162"]
[EventDate "2018.12.08"]
[EventType "swiss"]
[EventCountry "RUS"]
[SourceTitle "playchess.com"]
[Source "ChessBase"]
[SourceQuality "1"]
[TimeControl "900+10"]

1. d4 {[%emt 0:00:00]} d5 {[%emt 0:00:00]} 2. c4 {[%emt 0:00:01]} c6 {[%emt 0:00:00]} 3. Nf3 {[%emt 0:00:03]} Nf6 {[%emt 0:00:00]} 4. g3 {[%emt 0:00:10]} Bf5 {[%emt 0:00:00]} 5. Nc3 {[%emt 0:00:48]} e6 {[%emt 0:00:01]} 6. Bg2 {[%emt 0:00:09]} h6 {[%emt 0:00:08]} 7. O-O {[%emt 0:00:12]} Be7 {[%emt 0:00:02]} 8. Nd2 {[%emt 0:00:43]} O-O {[%emt 0:00:05]} 9. b3 {[%emt 0:00:24]} Nbd7 {[%emt 0:00:32]} 10. Bb2 {[%emt 0:00:05]} a5 {[%emt 0:00:10]} 11. e3 {[%emt 0:00:08]} Qb6 {[%emt 0:01:49]} 12. Qe2 {[%emt 0:00:19]} dxc4 {[%emt 0:00:55]} 13. Nxc4 {[%emt 0:00:09]} Qa6 {[%emt 0:00:03]} 14. e4 {[%emt 0:02:06]} Bg6 {[%emt 0:00:12]} 15. Rad1 {[%emt 0:02:06]} Rfe8 {[%emt 0:01:46]} 16. Rfe1 {[%emt 0:00:21]} Rad8 {[%emt 0:01:21]} 17. h3 {[%emt 0:00:09]} b5 {[%emt 0:00:39]} 18. Ne3 {[%emt 0:01:04]} Qa7 {[%emt 0:01:43]} 19. e5 {[%emt 0:03:38]} Nd5 {[%emt 0:00:08]} 20. Ncxd5 {[%emt 0:00:04]} cxd5 {[%emt 0:00:46]} 21. Qxb5 {[%emt 0:00:53]} Rb8 {[%emt 0:00:04]} 22. Qe2 {[%emt 0:00:35]} a4 {[%emt 0:00:04]} 23. f4 {[%emt 0:01:04]} axb3 {[%emt 0:00:12]} 24. axb3 {[%emt 0:00:01]} Rxb3 {[%emt 0:00:20]} 25. f5 {[%emt 0:00:32]} Bxf5 {[%emt 0:00:13]} 26. Nxf5 {[%emt 0:00:02]} exf5 {[%emt 0:00:04]} 27. Rd3 {[%emt 0:01:31]} Rxd3 {[%emt 0:00:50]} 28. Qxd3 {[%emt 0:00:04]} Bb4 {[%emt 0:00:22]} 29. Rf1 {[%emt 0:00:59]} Rxe5 {[%emt 0:00:55]} 30. Kh1 {[%emt 0:00:15]} Re7 {[%emt 0:01:50]} 31. Bxd5 {[%emt 0:00:37]} Nf6 {[%emt 0:00:14]} 32. Bg2 {[%emt 0:00:17]} Qa2 {[%emt 0:00:46]} 33. Qb1 {[%emt 0:00:38]} Qb3 {[%emt 0:01:20]} 34. Ba1 {[%emt 0:00:10]} Qa3 {[%emt 0:00:54]} 35. Qb2 {[%emt 0:00:18]} Qxb2 {[%emt 0:00:29]} 36. Bxb2 {[%emt 0:00:02]} Re2 {[%emt 0:00:02]} 37. Bc1 {[%emt 0:00:10]} Bd6 {[%emt 0:00:09]} 38. Bf4 {[%emt 0:00:18]} Bxf4 {[%emt 0:00:14]} 39. Rxf4 {[%emt 0:00:02]} Nh5 {[%emt 0:00:14]} 40. Rf3 {[%emt 0:00:10]} Rd2 {[%emt 0:00:04]} 41. Kh2 {[%emt 0:00:15]} Rxd4 {[%emt 0:00:09]} 42. Rxf5 {[%emt 0:00:03]} g6 {[%emt 0:00:10]} 43. Rf2 {[%emt 0:00:19]} Kg7 {[%emt 0:00:05]} 44. Bf3 {[%emt 0:00:07]} Nf6 {[%emt 0:00:04]} 45. Kg2 {[%emt 0:00:06]} h5 {[%emt 0:00:11]} 46. h4 {[%emt 0:00:17]} Nd7 {[%emt 0:00:08]} 47. Re2 {[%emt 0:00:05]} Nc5 {[%emt 0:00:07]} 48. Rc2 {[%emt 0:00:06]} Ne6 {[%emt 0:00:09]} 49. Re2 {[%emt 0:00:10]} Rd3 {[%emt 0:00:10]} 50. Be4 {[%emt 0:00:19]} Rd1 {[%emt 0:00:16]} 51. Rf2 {[%emt 0:00:08]} Rd4 {[%emt 0:00:23]} 52. Bb1 {[%emt 0:00:11]} Nc5 {[%emt 0:00:13]} 53. Ba2 {[%emt 0:00:06]} f6 {[%emt 0:00:04]} 54. Bb1 {[%emt 0:00:12]} Rb4 {[%emt 0:00:21]} 55. Bc2 {[%emt 0:00:07]} Rb2 {[%emt 0:00:43]} 56. Bd1 {[%emt 0:00:05]} Rxf2+ {[%emt 0:00:06]} 57. Kxf2 {[%emt 0:00:03]} Ne4+ {[%emt 0:00:13]} 58. Kf3 {[%emt 0:00:05]} Nd6 {[%emt 0:00:15]} 59. Kf4 {[%emt 0:00:07]} Kh6 {[%emt 0:00:16]} 60. Bc2 {[%emt 0:00:07]} Nc4 {[%emt 0:00:12]} 61. Bd3 {[%emt 0:00:30]} Ne5 {[%emt 0:00:24]} 62. Be2 {[%emt 0:00:02]} Nc6 {[%emt 0:00:06]} 63. Ke4 {[%emt 0:00:21]} Ne7 {[%emt 0:00:08]} 64. Bd1 {[%emt 0:00:12]} g5 {[%emt 0:00:03]} 65. hxg5+ {[%emt 0:00:03]} Kxg5 {[%emt 0:00:03]} 66. Kf3 {[%emt 0:00:15]} Nf5 {[%emt 0:00:07]} 67. Kf2 {[%emt 0:00:14]} Nh6 {[%emt 0:00:06]} 68. Be2 {[%emt 0:00:12]} Ng4+ {[%emt 0:00:06]} 69. Kf3 {[%emt 0:00:05]} Ne5+ {[%emt 0:00:10]} 70. Kf2 {[%emt 0:00:06]} Nc6 {[%emt 0:00:24]} 71. Bd1 {[%emt 0:00:10]} Nd4 {[%emt 0:00:11]} 72. Ke3 {[%emt 0:00:07]} Ne6 {[%emt 0:00:03]} 73. Ke4 {[%emt 0:00:11]} Ng7 74. Kf3 {[%emt 0:00:16]} Kf5 {[%emt 0:00:10]} 75. Ke3 {[%emt 0:00:06]} Ke5 {[%emt 0:00:02]} 76. Kf3 {[%emt 0:00:10]} Kd4 {[%emt 0:00:04]} 77. Kf4 {[%emt 0:00:10]} Kd3 {[%emt 0:00:27]} 78. Bxh5 {[%emt 0:00:14]} Nxh5+ {[%emt 0:00:02]} 79. Kf5 {[%emt 0:00:01]} Ke3 {[%emt 0:00:12]} 80. g4 {[%emt 0:00:02]} Nf4 {[%emt 0:00:05]} 81. Kxf6 {[%emt 0:00:03]} Kf3 {[%emt 0:00:02]} 1/2-1/2

[Event "Moscow Rapid-ch 2018"]
[Site "Moscow"]
[Date "2018.12.09"]
[Round "7"]
[White "Zakhartsov, Vladimir"]
[Black "Kosteniuk, Alexandra"]
[Result "1/2-1/2"]
[WhiteElo "2486"]
[BlackElo "2537"]
[Annotator "TA"]
[PlyCount "25"]
[EventDate "2018.12.08"]
[EventType "swiss"]
[EventCountry "RUS"]
[SourceTitle "playchess.com"]
[Source "ChessBase"]
[SourceQuality "1"]

{[%evp 22,25,0,-3,0,-29]} 1. c4 e5 2. Nc3 Nf6 3. Nf3 Nc6 4. e3 Bb4 5. Qc2 Bxc3 6. Qxc3 Qe7 7. d3 O-O {A28: English Opening: Four Knights Variation} 8. Be2 d5 9. cxd5 Nxd5 10. Qc2 Ndb4 11. Qc3 Nd5 $146 ({Predecessor:} 11... Bg4 12. a3 Nxd3+ 13. Bxd3 e4 14. Be2 exf3 15. gxf3 {0-1 (58) Agrest,E (2554)-Xu,J (2668) Istanbul 2000}) 12. Qc2 {LiveBook: 10 Games} Ndb4 13. Qc3 1/2-1/2

[Event "Moscow Rapid-ch 2018"]
[Site "Moscow"]
[Date "2018.12.09"]
[Round "7"]
[White "Golubov, Saveliy"]
[Black "Yeletsky, Ivan"]
[Result "1-0"]
[WhiteElo "2482"]
[BlackElo "2406"]
[Annotator "TA"]
[PlyCount "131"]
[EventDate "2018.12.08"]
[EventType "swiss"]
[EventCountry "RUS"]
[SourceTitle "playchess.com"]
[Source "ChessBase"]
[SourceQuality "1"]

{[%evp 17,131,0,-7,-53,-41,-46,-61,-70,-39,-72,39,28,16,-32,-25,-45,-30,-91,-89,-89,-37,-58,-72,-124,-147,-228,-197,-201,-206,-194,-144,-189,-207,-192,-152,-161,-140,-137,-135,-158,-159,-166,-154,-162,-147,-140,-125,-165,-173,-165,-177,-181,-172,-152,-49,-35,-35,-68,-70,-40,0,0,0,0,0,0,0,0,0,0,0,0,0,0,0,-8,0,0,57,58,65,54,54,62,231,235,400,403,646,625,760,733,814,804,822,804,1027,1004,1143,945,29972,948,29992,4137,29994,9032,11514,1116,11514,10684,5422,5239,5247,4797,4127,1532]} 1. e4 c5 2. Nc3 d6 3. d4 cxd4 4. Qxd4 Nc6 5. Qd2 g6 6. b3 {B23: Closed Sicilian: Lines without g3} Bh6 7. f4 Nf6 (7... f5 8. Bb2 Nf6 9. Bd3 Qa5 10. exf5 Bxf5 11. Nge2 Bxd3 12. Qxd3 {1-0 (42) Nakamura,H (2769)-Grischuk,A (2766) Leuven 2018}) 8. Bb2 O-O 9. O-O-O a5 {LiveBook: 9 Games} 10. Bb5 Qb6 $1 11. Ba4 $146 ({Predecessor:} 11. a4) 11... Bg4 12. Nf3 Qc5 13. Kb1 Rab8 ({Black should play} 13... Na7 $1 $17 14. Qe1 Bxf4) 14. Bxc6 $14 bxc6 15. h3 Bxf3 $1 16. gxf3 Nh5 17. Ne2 {[#]} (17. Na4 $11 Qb4 18. c3) 17... a4 $1 $17 18. Rhg1 Qf2 ({Better is} 18... Rfe8 $17) 19. Rdf1 Qa7 20. Qc3 (20. Qd4 $142 Qxd4 21. Nxd4 Bxf4 22. Nxc6 {[%mdl 64] Double Attack}) 20... Bg7 $36 {[%mdl 2048] Black is in control.} 21. e5 (21. Qd3 $17) 21... axb3 22. cxb3 Ra8 23. a3 Qa6 24. Qc4 Qxc4 25. bxc4 Rfb8 26. Ka2 Ra4 27. Rc1 Bh6 28. Nd4 Rc8 (28... Bxf4 29. Nxc6 Bxc1 30. Nxb8 $17) 29. Nf5 Bf8 30. exd6 exd6 31. Rg4 Re8 32. Nd4 c5 33. Nb5 {[#]} f5 $1 {[%cal Rf5g4]} 34. Rg2 Nxf4 35. Rd2 Re2 (35... Nxh3 $17 36. Nxd6 Re3) 36. Rxe2 $15 Nxe2 37. Re1 {aiming for Kb3.} Nf4 38. Re8 Kf7 ({Much weaker is} 38... Rxc4 39. Kb3 $14) 39. Rb8 $1 Rxc4 {Strongly threatening ...Nd5.} 40. Kb3 d5 {White must now prevent ...Nd3.} 41. Rb7+ Ke6 $1 42. Rxh7 Nd3 43. Nc7+ Kd6 44. Nb5+ Kc6 45. Na7+ Kd6 46. Bc3 Nc1+ 47. Kb2 d4 (47... Ke6 $11 48. Nc6 Nd3+ 49. Kb3 Kd6) 48. Bd2 $14 d3 49. Bxc1 {Threatens to win with Rf7.} Rc2+ 50. Kb1 {Rf7 is the strong threat.} Rf2 $2 (50... Ke6 $1 $14) 51. Rf7 $18 Be7 $2 (51... d2 {keeps fighting.} 52. Bxd2 (52. Rxf8 Ke7 $11) 52... Rxd2) 52. Nc8+ {[%mdl 64] Double Attack} Kd5 (52... Kd7 $142 53. Nxe7 d2 54. Bxd2 Ke6) 53. Rxe7 Rxf3 54. Bd2 f4 55. Kb2 g5 56. Rh7 Kc4 57. Nb6+ Kb5 58. Nd7 Rg3 59. Kc3 (59. Rh6 $142 Kc4 60. Rd6 Rg2 61. Ne5+ Kb5 62. Kb3 c4+ 63. Nxc4 Rxd2 64. Nxd2) 59... f3 60. Ne5 (60. Rh6 $142 Rg2 61. Rb6+ Ka4 62. Nxc5+ Ka5 63. Rb1 Rxd2 64. Kxd2 f2 65. a4 f1=N+ 66. Kxd3 Nh2 67. Rb5#) 60... Ka4 61. Ra7+ (61. Kc4 $142 Kxa3 62. Nxd3 Ka2 63. Ra7+ Kb1 64. Bc3 Rg1 65. Ra1+ Kc2 66. Rxg1 g4 67. Rc1#) 61... Kb5 {White is clearly winning.} 62. a4+ Kb6 63. Rf7 Rxh3 64. Rf6+ Kb7 65. Rxf3 Rh4 66. Nc4 {Accuracy: White = 69%, Black = 50%.} 1-0

[Event "Moscow Rapid-ch 2018"]
[Site "Moscow"]
[Date "2018.12.09"]
[Round "7"]
[White "Shinkevich, Vitaly"]
[Black "Sychev, Klementy"]
[Result "1/2-1/2"]
[WhiteElo "2439"]
[BlackElo "2537"]
[Annotator "TA"]
[PlyCount "31"]
[EventDate "2018.12.08"]
[EventType "swiss"]
[EventCountry "RUS"]
[SourceTitle "playchess.com"]
[Source "ChessBase"]
[SourceQuality "1"]

{[%evp 14,31,37,26,75,16,76,1,7,0,0,0,12,-9,35,-39,0,-45,-43,-28]} 1. c4 Nf6 2. Nc3 e6 3. e4 d5 4. e5 d4 5. exf6 dxc3 6. bxc3 Qxf6 7. Nf3 Nc6 {A18: English Opening: Flohr-Mikenas System (1 c4 Nf6 2 Nc3 e6 3 e4)} (7... b6 8. d4 Bb7 9. Bd3 h6 10. O-O Bd6 11. Nd2 O-O 12. Re1 Qh4 13. h3 c5 14. Ne4 Bc7 15. Rb1 Nd7 16. Nxc5 Nxc5 17. dxc5 {½-½ (26) Radjabov,T (2751)-Wojtaszek,R (2727) Batumi 2018}) 8. Bd3 {LiveBook: 14 Games} g5 {[%cal Bg7g5,Bg5g4][%mdl 32]} 9. O-O $146 ({Predecessor:} 9. Rb1 Bd6 10. Be4 g4 11. Nd4 Qe5 12. Qe2 Nd8 13. c5 Bxc5 14. Nb5 Bb6 15. d4 {½-½ (32) Zhigalko,S (2649)-Aleksandrov,A (2604) Nakhchivan 2012}) 9... Bd6 (9... g4 $11 {keeps the balance.} 10. Ne1 e5) 10. Be4 (10. g3 $16) 10... g4 $11 11. Bxc6+ bxc6 {[%cal Bb7c6,Bc6c5][%mdl 32]} 12. Nd4 $1 h5 13. Qe2 Bd7 14. d3 (14. Nb3 $14) 14... Rb8 15. f4 c5 16. Nb3 {Accuracy: White = 36%, Black = 24%.} 1/2-1/2

[Event "Moscow Rapid-ch 2018"]
[Site "Moscow"]
[Date "2018.12.09"]
[Round "7"]
[White "Ulko, Jaroslav"]
[Black "Dudin, Gleb"]
[Result "0-1"]
[WhiteElo "2439"]
[BlackElo "2303"]
[Annotator "TA"]
[PlyCount "58"]
[EventDate "2018.12.08"]
[EventType "swiss"]
[EventCountry "RUS"]
[SourceTitle "playchess.com"]
[Source "ChessBase"]
[SourceQuality "1"]

{[%evp 19,58,19,24,7,34,34,85,75,135,119,224,243,237,231,229,223,210,147,179,67,74,65,191,203,197,143,166,155,129,143,148,132,121,139,333,329,1178,391,477,470,824]} 1. Nf3 Nf6 2. c4 e6 3. Nc3 d5 4. d4 Be7 5. Bg5 O-O 6. e3 h6 7. Bxf6 Bxf6 8. Qc2 c6 9. h4 g6 10. O-O-O Nd7 {LiveBook: 10 Games} 11. Kb1 {D55: Queen's Gambit Declined: 4 Bg5 Be7: Lines without ...h6 and 6...h6 7 Bxf6} a6 $146 ({Predecessor:} 11... Bg7 12. g4 Qe7 13. cxd5 exd5 14. Bd3 Nb6 15. Rhg1 Bd7 16. Ne5 Bxe5 17. dxe5 Qxe5 18. f4 Qxe3 19. Bxg6 Qxf4 20. g5 fxg6 21. Qxg6+ Kh8 22. Qxh6+ Kg8 23. Qg6+ Kh8 24. Qh6+ Kg8 25. Qg6+ {½-½ (25) Tomashevsky,E (2696)-Svidler,P (2755) Moscow 2017}) 12. e4 {[%cal Be3e4,Be4e5][%mdl 32]} dxc4 (12... Bg7 $14) 13. e5 $16 {White is better.} Be7 (13... Bg7 $142) 14. Bxc4 b5 {[#]} (14... Nb6 $16 {was necessary.}) 15. Bxe6 $1 $18 {[%mdl 512] Threatening mate with Qxg6+.} Kg7 (15... fxe6 16. Qxg6+) 16. h5 {Hoping for d5.} Nb6 17. Bxc8 Qxc8 18. d5 cxd5 19. Nxd5 (19. Qd3 $18) 19... Qxc2+ 20. Kxc2 Bc5 ({Black should try} 20... Nxd5 $14 21. Rxd5 Rfd8 22. Rxd8 Rxd8) 21. hxg6 Rac8 22. Nxb6 (22. gxf7 $18 {And now e6 would win.} Bxf2+ 23. Kb1 Nxd5 24. Rxd5 Rxf7 25. Rd6) 22... Bxb6+ $16 23. Kb1 fxg6 24. Rd7+ Rf7 25. e6 Rxd7 26. exd7 Rb8 $2 {[#]} (26... Rd8 $16) 27. Ne5 $18 Bc7 $2 (27... Rf8 28. Rd1 Bd8) 28. Nc6 $2 (28. Rc1) 28... Rb6 29. Rc1 Kf6 {[%mdl 32768] Accuracy: White = 58%, Black = 16%. . Sensor Board Error (Ke4/e5)?} (29... Kf8 $142 30. a3 g5) 0-1

[Event "Moscow Rapid-ch 2018"]
[Site "Moscow"]
[Date "2018.12.09"]
[Round "7"]
[White "Naumkin, Igor"]
[Black "Dragomarezkij, Evgeni"]
[Result "1/2-1/2"]
[WhiteElo "2410"]
[BlackElo "2385"]
[Annotator "TA"]
[PlyCount "133"]
[EventDate "2018.12.08"]
[EventType "swiss"]
[EventCountry "RUS"]
[SourceTitle "playchess.com"]
[Source "ChessBase"]
[SourceQuality "1"]

{[%evp 21,133,41,31,33,47,43,48,35,74,57,90,0,8,0,0,0,0,0,0,-8,-6,0,-5,-10,0,-21,-29,-37,-19,-75,-77,-239,-254,-250,-254,-259,-241,-246,-236,-199,42,33,35,35,65,73,73,73,87,43,67,28,19,0,22,22,58,25,22,4,54,58,69,62,52,0,4,7,9,0,0,0,0,0,0,0,0,0,0,0,0,0,0,0,0,0,0,-10,0,-29,-31,-40,-45,-43,0,-521,-513,-512,-512,-489,0,0,0,-409,0,0,907,866,1448,1413,1236,1230,875,835]} 1. d4 d5 2. c4 dxc4 3. Nf3 Nf6 4. e3 e6 5. Bxc4 c5 6. O-O cxd4 7. exd4 Be7 8. Nc3 O-O 9. Bg5 Nbd7 10. Qd3 {E54: Nimzo-Indian: Rubinstein: Main Line: 7...dxc4 8 Bxc4} (10. Re1 Nb6 11. Bb3 Bd7 12. Qd3 Bc6 13. Rad1 Nfd5 14. Bc1 Rc8 15. Ne5 Bg5 16. Bxg5 Qxg5 17. Ne4 Qh6 {½-½ (29) Yakovich,Y (2597)-Rychagov,A (2557) Krasnoyarsk 2007}) 10... Nb6 11. Bb3 Bd7 {LiveBook: 4 Games} 12. Ne5 {White is slightly better.} Bc6 $146 ({Predecessor:} 12... Nbd5 13. Rfe1 {1-0 (27) Weber,S-Ullrich,F Stuttgart 1985}) 13. Bc2 g6 14. Rad1 Nbd5 15. Qh3 Qd6 16. Qh4 (16. f4 $16) 16... Nh5 $1 $11 {...Bxg5 is the strong threat.} 17. Ne4 (17. Bxe7 {feels hotter.} Qxe7 18. Qe4 Qb4 19. Nxc6 bxc6 20. Bb3) 17... Qd8 18. Nxc6 bxc6 19. Bxe7 Qxe7 20. Qxe7 Nxe7 21. g3 Rfd8 22. Rd3 Rab8 23. Rb1 Rb4 24. Ra3 Nf5 25. Rxa7 (25. Bd1 $11 {keeps the balance.}) 25... Nxd4 $17 26. Bd1 $2 (26. Rd1 $17) 26... Nb5 $1 $19 {[%csl LRa7,LRe4][%mdl 64] Discovered Attack} 27. Bxh5 Nxa7 28. Bf3 Rdd4 29. a3 Rb3 ({Much less strong is} 29... Rxe4 30. axb4 Rxb4 31. Kg2 $17) 30. Kg2 Nb5 $2 (30... Rb8 $19 {Threatens to win with ...Nb5.} 31. b3 Rd3) 31. Nc5 $1 $14 {[%csl LRb3,LRc6]} Rxf3 $1 32. Kxf3 {[%mdl 4096] Endgame KRN-KRN} Rc4 33. Nd3 Nd4+ 34. Ke3 $1 Nb3 35. Rd1 f6 36. Ne1 e5 37. Rd8+ Kg7 38. Rd7+ Kh6 39. Rb7 Nd4 40. Nf3 Nf5+ 41. Kd3 Rc1 42. Nd2 Nd4 43. f4 Rd1 44. fxe5 fxe5 45. h4 c5 46. g4 g5 47. hxg5+ Kxg5 48. Ke3 {next Ne4+ is good for White.} Re1+ 49. Kd3 Kxg4 50. Rxh7 Rd1 51. Ke3 Re1+ 52. Kd3 Kf4 53. Rf7+ Nf5 54. Kc4 Rd1 55. Nb3 e4 {[%cal Be5e4,Be4e3,Be3e2][%mdl 32]} 56. Nxc5 e3 57. Nd3+ Ke4 {[%mdl 1024] Black has compensation.} 58. Rf6 $2 {[%mdl 8192]} (58. Nc5+ $11 {and White is okay.} Kf4 59. Nd3+ Kg5 60. Rh7) 58... e2 $19 {Hoping for ...Ne3+.} 59. Re6+ Kf3 60. Ne5+ Kg2 $2 (60... Ke3 $1 $19 61. Nc6+ Kf2 62. Rxe2+ Kxe2) 61. Nd3 $11 Kf3 $2 {[%mdl 8192]} (61... Ng3 $11 62. Re5 Kf1) 62. Ne5+ $1 $19 {[#]} Kg2 $2 ({Better is} 62... Ke3 $1 $19 63. Nc6+ Kf2 64. Rxe2+ Kxe2) 63. Nd3 $11 Kf1 $2 {[%mdl 8192] [#]} (63... Kf3 $11 64. Kc3 Ne3 65. Ne5+ Kg3) 64. Rf6 $1 $18 {White is clearly winning.} Rxd3 65. Rxf5+ Kg2 66. Re5 Rd2 67. Kc3 {[%mdl 32768] Accuracy: White = 59%, Black = 53%. . An unexpected result.} 1/2-1/2

[Event "Moscow Rapid-ch 2018"]
[Site "Moscow"]
[Date "2018.12.09"]
[Round "7"]
[White "Dvalishvili, Pavel S."]
[Black "Gurvich, Vitaly"]
[Result "1/2-1/2"]
[WhiteElo "2396"]
[BlackElo "2270"]
[Annotator "NA"]
[PlyCount "49"]
[EventDate "2018.12.08"]
[EventType "swiss"]
[EventCountry "RUS"]
[SourceTitle "playchess.com"]
[Source "ChessBase"]
[SourceQuality "1"]
[TimeControl "900+10"]

1. d4 {[%emt 0:00:00]} Nf6 {[%emt 0:00:00]} 2. Nf3 {[%emt 0:00:00]} g6 {[%emt 0:00:00]} 3. c4 {[%emt 0:00:00]} Bg7 {[%emt 0:00:00]} 4. Nc3 {[%emt 0:00:00]} O-O {[%emt 0:00:05]} 5. g3 {[%emt 0:00:09]} d6 {[%emt 0:00:01]} 6. Bg2 {[%emt 0:00:02]} Bg4 {[%emt 0:00:07]} 7. O-O {[%emt 0:00:19]} Nc6 {[%emt 0:00:13]} 8. h3 {[%emt 0:01:03]} Bxf3 9. Bxf3 {[%emt 0:00:01]} Nd7 {[%emt 0:00:13]} 10. Be3 {[%emt 0:00:37]} e5 {[%emt 0:00:03]} 11. Bxc6 {[%emt 0:00:57]} bxc6 {[%emt 0:00:12]} 12. Rc1 {[%emt 0:00:02]} f5 {[%emt 0:01:17]} 13. dxe5 {[%emt 0:00:02]} Nxe5 {[%emt 0:00:31]} 14. b3 {[%emt 0:00:01]} Qe7 {[%emt 0:01:42]} 15. Qd2 {[%emt 0:00:10]} Rfe8 {[%emt 0:00:16]} 16. Rfe1 {[%emt 0:00:24]} a5 {[%emt 0:01:43]} 17. Kg2 {[%emt 0:00:23]} Nd7 {[%emt 0:01:31]} 18. Bd4 {[%emt 0:00:33]} Bxd4 {[%emt 0:00:10]} 19. Qxd4 {[%emt 0:00:01]} Nc5 {[%emt 0:00:04]} 20. Rb1 {[%emt 0:02:40]} Rab8 {[%emt 0:00:54]} 21. e3 {[%emt 0:00:41]} Qf7 {[%emt 0:01:10]} 22. e4 {[%emt 0:01:21]} f4 {[%emt 0:02:23]} 23. e5 {[%emt 0:00:01]} fxg3 {[%emt 0:00:16]} 24. fxg3 {[%emt 0:00:04]} Qg7 {[%emt 0:00:49]} 25. Rbd1 {[%emt 0:00:08]} 1/2-1/2

[Event "Moscow Rapid-ch 2018"]
[Site "Moscow"]
[Date "2018.12.09"]
[Round "7"]
[White "Tsvetkov, Andrey"]
[Black "Lavrov, Maxim"]
[Result "1/2-1/2"]
[WhiteElo "2338"]
[BlackElo "2387"]
[Annotator "NA"]
[PlyCount "41"]
[EventDate "2018.12.08"]
[EventType "swiss"]
[EventCountry "RUS"]
[SourceTitle "playchess.com"]
[Source "ChessBase"]
[SourceQuality "1"]
[TimeControl "900+10"]

1. d4 Nf6 2. c4 g6 3. Nc3 Bg7 4. e4 d6 5. Nf3 O-O 6. Be2 Nbd7 7. O-O e5 8. Be3 a5 9. a3 exd4 10. Nxd4 Nc5 11. f3 a4 12. Qc2 Nh5 13. Rad1 Re8 14. Rfe1 Be5 15. Bf2 c6 16. g3 Qg5 17. Bf1 Nf6 18. Be3 Qh5 19. f4 Bxd4 20. Rxd4 Bh3 {[%emt 0:17:34]} 21. Rxd6 {[%emt 0:17:57]} 1/2-1/2

[Event "Moscow Rapid-ch 2018"]
[Site "Moscow"]
[Date "2018.12.09"]
[Round "7"]
[White "Paramzina, Anastasya"]
[Black "Kanevskaya, Anna"]
[Result "1-0"]
[WhiteElo "2229"]
[BlackElo "2105"]
[Annotator "NA"]
[PlyCount "61"]
[EventDate "2018.12.08"]
[EventType "swiss"]
[EventCountry "RUS"]
[SourceTitle "playchess.com"]
[Source "ChessBase"]
[SourceQuality "1"]
[TimeControl "900+10"]

1. e4 e5 2. Nf3 Nc6 3. Bc4 Bc5 4. d3 Nf6 5. O-O d6 6. c3 a6 7. Bb3 Ba7 8. Nbd2 Ne7 9. Re1 h6 10. Nf1 Ng6 11. h3 O-O 12. Ng3 Be6 13. d4 Qd7 14. Kh2 Bxb3 15. Qxb3 Qb5 16. Qc2 Rae8 17. Be3 Bb6 18. a4 Qd7 19. a5 exd4 20. Nxd4 Ba7 21. f4 c6 22. Rad1 Bb8 23. Ndf5 Nxe4 24. Nxh6+ gxh6 25. Nxe4 Qf5 26. Bd4 Qxf4+ 27. g3 Qf3 28. Nf6+ Kh8 29. Nxe8+ Ne5 30. Nxd6 f6 31. Bxe5 1-0

[Event "Moscow Rapid-ch 2018"]
[Site "Moscow"]
[Date "2018.12.09"]
[Round "7"]
[White "Vlasov, Sergey"]
[Black "Gorbatov, Alexej"]
[Result "0-1"]
[WhiteElo "2229"]
[BlackElo "2389"]
[Annotator "NA"]
[PlyCount "110"]
[EventDate "2018.12.08"]
[EventType "swiss"]
[EventCountry "RUS"]
[SourceTitle "playchess.com"]
[Source "ChessBase"]
[SourceQuality "1"]
[TimeControl "900+10"]

1. e4 {[%emt 0:00:00]} c5 {[%emt 0:00:00]} 2. a3 {[%emt 0:00:00]} Nc6 {[%emt 0:01:47]} 3. b4 {[%emt 0:00:10]} Nf6 {[%emt 0:00:16]} 4. b5 {[%emt 0:00:54]} Nd4 {[%emt 0:00:02]} 5. c3 {[%emt 0:00:27]} Ne6 {[%emt 0:00:01]} 6. e5 {[%emt 0:01:19]} Nd5 {[%emt 0:00:02]} 7. c4 {[%emt 0:02:44]} Ndc7 {[%emt 0:00:30]} 8. Nf3 {[%emt 0:00:23]} g6 {[%emt 0:00:29]} 9. Bb2 {[%emt 0:01:38]} Bg7 {[%emt 0:00:01]} 10. g3 {[%emt 0:00:01]} b6 {[%emt 0:00:08]} 11. Bg2 {[%emt 0:00:09]} Bb7 {[%emt 0:00:00]} 12. O-O {[%emt 0:00:02]} O-O {[%emt 0:00:01]} 13. d3 {[%emt 0:01:08]} a6 {[%emt 0:01:58]} 14. bxa6 {[%emt 0:00:33]} Rxa6 {[%emt 0:00:02]} 15. Nbd2 {[%emt 0:00:26]} Qa8 {[%emt 0:00:37]} 16. Re1 {[%emt 0:00:47]} b5 {[%emt 0:01:05]} 17. Nh4 {[%emt 0:02:29]} bxc4 {[%emt 0:00:16]} 18. Nxc4 {[%emt 0:00:25]} Nb5 {[%emt 0:00:31]} 19. Bxb7 {[%emt 0:00:51]} Qxb7 {[%emt 0:00:01]} 20. Nf3 {[%emt 0:00:12]} Qd5 {[%emt 0:00:30]} 21. Qe2 {[%emt 0:00:50]} Rfa8 {[%emt 0:02:22]} 22. Qe3 {[%emt 0:00:43]} h6 {[%emt 0:00:38]} 23. h4 {[%emt 0:00:21]} h5 {[%emt 0:00:09]} 24. Reb1 {[%emt 0:00:24]} Nbd4 {[%emt 0:00:34]} 25. Bxd4 {[%emt 0:00:07]} cxd4 {[%emt 0:00:08]} 26. Qe2 {[%emt 0:00:06]} Qc5 {[%emt 0:00:41]} 27. Rb3 {[%emt 0:00:30]} Qc7 {[%emt 0:01:49]} 28. Rb5 {[%emt 0:00:31]} d6 {[%emt 0:00:14]} 29. exd6 {[%emt 0:00:19]} exd6 {[%emt 0:00:02]} 30. Rab1 {[%emt 0:00:01]} Nc5 {[%emt 0:00:02]} 31. Nb6 {[%emt 0:00:52]} Rd8 {[%emt 0:00:26]} 32. Nd5 {[%emt 0:00:04]} Qd7 {[%emt 0:00:11]} 33. Ng5 {[%emt 0:00:14]} Ra7 {[%emt 0:01:15]} 34. Rb8 {[%emt 0:00:04]} Be5 {[%emt 0:02:17]} 35. f4 {[%emt 0:00:13]} Bh8 {[%emt 0:00:01]} 36. Qe7 {[%emt 0:00:03]} Ra8 {[%emt 0:00:24]} 37. Rxd8+ Rxd8 {[%emt 0:00:09]} 38. Qxd7 {[%emt 0:00:34]} Rxd7 {[%emt 0:00:51]} 39. Rb8+ {[%emt 0:00:20]} Kg7 {[%emt 0:00:00]} 40. Ne4 {[%emt 0:00:16]} Nxe4 {[%emt 0:00:14]} 41. dxe4 {[%emt 0:00:01]} Kh7 {[%emt 0:00:01]} 42. Rxh8+ {[%emt 0:00:16]} Kxh8 {[%emt 0:00:01]} 43. Kf2 {[%emt 0:00:07]} Ra7 {[%emt 0:00:01]} 44. Nf6 {[%emt 0:00:20]} Rxa3 {[%emt 0:00:06]} 45. Ne8 {[%emt 0:00:01]} Ra2+ {[%emt 0:00:17]} 46. Kf3 {[%emt 0:00:01]} d3 {[%emt 0:00:01]} 47. Ke3 {[%emt 0:00:03]} Rg2 {[%emt 0:00:05]} 48. Kxd3 {[%emt 0:00:01]} Rxg3+ {[%emt 0:00:00]} 49. Kd4 {[%emt 0:00:01]} Rg4 {[%emt 0:00:04]} 50. Nxd6 {[%emt 0:00:15]} Rxf4 {[%emt 0:00:07]} 51. Ke5 {[%emt 0:00:01]} Rf1 {[%emt 0:00:01]} 52. Ne8 {[%emt 0:00:06]} Kg8 {[%emt 0:00:09]} 53. Nf6+ {[%emt 0:00:00]} Kg7 {[%emt 0:00:02]} 54. Ne8+ {[%emt 0:00:05]} Kf8 {[%emt 0:00:02]} 55. Nf6 {[%emt 0:00:03]} Rh1 {[%emt 0:00:03]} 0-1